Quiz Pokémon en images - 5ème Génération - Statistiques

Statistiques générales
  • Ce quiz a été pris 174 fois
  • Le résultat moyen est 100 sur 156
Statistiques - réponses
Par images Réponse % Correct
Vipélierre
97%
Victini
92%
Flamajou
91%
Moustillon
91%
Ponchiot
91%
Feuillajou
90%
Zébibron
90%
Gruikui
89%
Flotajou
87%
Zorua
87%
Majaspic
86%
Ponchien
86%
Mastouffe
85%
Poichigeon
84%
Clamiral
83%
Emolga
82%
Léopardus
82%
Zéblitz
82%
Lianaja
81%
Tic
81%
Bétochef
80%
Chacripan
80%
Ratentif
80%
Sorbébé
80%
Zoroark
80%
Grotichon
79%
Chovsourir
78%
Charpenti
77%
Crocorible
77%
Flamoutan
76%
Miradar
76%
Roitiflam
76%
Sorbouboul
76%
Rototaupe
75%
Sorboul
75%
Darumacho
74%
Flotoutan
74%
Judokrak
74%
Couaneton
73%
Chinchidou
72%
Déflaisan
72%
Doudouvet
72%
Munna
72%
Reshiram
72%
Clic
71%
Miasmax
71%
Minotaupe
71%
Nanméouïe
71%
Nodulithe
71%
Zekrom
71%
Coupenotte
70%
Karaclée
70%
Mascaïman
70%
Tutafeh
70%
Vivaldaim
69%
Limonde
68%
Venipatte
68%
Feuiloutan
67%
Funécire
67%
Rhinolove
67%
Darumarond
66%
Nucléos
66%
Anchwatt
65%
Mateloutre
65%
Polarhume
65%
Statitik
64%
Crabicoque
63%
Fermite
63%
Gigalithe
63%
Mygavolt
63%
Pyrax
63%
Scalproie
63%
Tranchodon
63%
Batracné
62%
Golemastoc
62%
Kyurem
62%
Miamiasme
62%
Scalpion
62%
Shaofouine
62%
Escroco
61%
Hexagel
61%
Lampéroie
61%
Lugulabre
61%
Ouvrifier
61%
Scobolide
61%
Tutankafer
61%
Baggiguane
60%
Cliticlic
60%
Drakkarmin
60%
Géolithe
60%
Scrutella
60%
Polagriffe
59%
Aflamanoir
58%
Colombeau
58%
Crapustule
58%
Farfaduvet
58%
Fragilady
58%
Pashmilla
58%
Solochi
58%
Terrakium
58%
Baggaïd
57%
Bargantua
57%
Brutapode
57%
Couverdure
57%
Genesect
57%
Mushana
57%
Boréas
56%
Crabaraque
56%
Cryptéro
56%
Kungfouine
56%
Ohmassacre
56%
Tritonde
56%
Cobaltium
55%
Manternel
55%
Meloetta
55%
Trompignon
55%
Viridium
55%
Chlorobule
54%
Lakmécygne
54%
Lewsor
54%
Mamanbo
54%
Symbios‎
54%
Trioxhydre
54%
Démétéros
53%
Furaiglon
53%
Grindur
53%
Lançargot
53%
Keldeo
52%
Diamat
51%
Fulguris
51%
Gringolem
51%
Gueriaigle
51%
Larveyette
51%
Méios
51%
Escargaume
50%
Frison
50%
Limaspeed
50%
Pyronille
50%
Viskuse
50%
Gaulet
49%
Mesmérella
49%
Vostourno
49%
Neitram
48%
Carabing
47%
Haydaim
47%
Sidérella
47%
Carapagos
46%
Incisache
46%
Noacier
45%
Maracachi
44%
Aéroptéryx
43%
Arkéapti
42%
Moyade
42%
Mégapagos
41%
Vaututrice
41%
Mélancolux
40%
Aucun quiz correspondant
Distribution des résultats
% des personnes avec chaque résultat
Percentile par nombre de réponses
Votre historique - résultats
Vous n’avez pas pris ce quiz